[Event "Sao Paulo Hebraica op 19th"]
[Site "Sao Paulo"]
[Date "2015.01.11"]
[Round "5"]
[White "Philosoph, Assi"]
[Black "Gomez, Gustavo Pizzocaro"]
[Result "1-0"]
[WhiteElo "1999"]
[BlackElo "2151"]
[PlyCount "29"]
[EventDate "2015.01.08"]
[EventType "swiss"]
[EventRounds "6"]
[EventCountry "BRA"]
[SourceTitle "CBM 164 Extra"]
[Source "ChessBase"]
[SourceDate "2015.03.02"]
[SourceVersion "1"]
[SourceVersionDate "2015.03.02"]
[SourceQuality "1"]

1. e4 c5 2. Nc3 Nc6 3. Bb5 Nd4 4. Bc4 g6 5. Nf3 Bg7 6. Nxd4 cxd4 7. Qf3 e6 8. Nb5 d6 9. Qa3 Be5 10. c3 Qh4 11. d3 Qe7 12. cxd4 Bf6 13. Qxd6 Qxd6 14. Nxd6+ Ke7 15. e5 1-0

[Event "Sao Paulo Hebraica op 19th"]
[Site "Sao Paulo"]
[Date "2015.01.08"]
[Round "1"]
[White "Philosoph, Assi"]
[Black "Primo E Silva, Beatriz"]
[Result "1-0"]
[WhiteElo "1999"]
[BlackElo "1442"]
[PlyCount "57"]
[EventDate "2015.01.08"]
[EventType "swiss"]
[EventRounds "6"]
[EventCountry "BRA"]
[SourceTitle "CBM 164 Extra"]
[Source "ChessBase"]
[SourceDate "2015.03.02"]
[SourceVersion "1"]
[SourceVersionDate "2015.03.02"]
[SourceQuality "1"]

1. e4 c5 2. c3 d6 3. Nf3 Nc6 4. d4 cxd4 5. cxd4 e5 6. d5 Nce7 7. Nc3 Nf6 8. h3 g6 9. Bg5 Bg7 10. Qd2 0-0 11. Be2 Bd7 12. 0-0 a6 13. a4 Rc8 14. Rfe1 Qe8 15. Bf1 b5 16. axb5 axb5 17. Ra5 b4 18. Nb5 b3 19. Nxd6 Rc2 20. Nxe8 Rxd2 21. Nxd2 Rxe8 22. Nxb3 Rb8 23. Nc5 Bf8 24. Bxf6 Nc8 25. Nxd7 Rxb2 26. Rc1 Nd6 27. Ra8 h5 28. Rxf8+ Kh7 29. Rh8# 1-0

[Event "Nova Gorica op-A 18th"]
[Site "Nova Gorica"]
[Date "2013.01.30"]
[Round "8"]
[White "Philosoph, Assi"]
[Black "Hrescak, Ivana"]
[Result "1-0"]
[WhiteElo "2005"]
[BlackElo "1742"]
[PlyCount "55"]
[EventDate "2013.01.25"]
[EventType "swiss"]
[EventRounds "9"]
[EventCountry "SLO"]
[SourceTitle "CBM 152 Extra"]
[Source "ChessBase"]
[SourceDate "2013.02.25"]
[SourceVersion "1"]
[SourceVersionDate "2013.02.25"]
[SourceQuality "1"]

1. e4 g6 2. d4 Bg7 3. c4 d6 4. Nc3 Nf6 5. Nf3 0-0 6. g3 Nbd7 7. Bg2 e5 8. 0-0 a5 9. h3 Re8 10. Re1 Nh5 11. Bg5 f6 12. Be3 Bf8 13. Qc2 Ng7 14. Rad1 exd4 15. Nxd4 Ne5 16. b3 f5 17. f4 Nf7 18. e5 c6 19. Kh2 Qc7 20. exd6 Nxd6 21. c5 Nf7 22. Na4 Ne6 23. Nf3 Qb8 24. Bc1 Ra7 25. Bf1 Nc7 26. Rxe8 Nxe8 27. Bc4 Ng7 28. Ng5 1-0

[Event "Nova Gorica op-A 18th"]
[Site "Nova Gorica"]
[Date "2013.01.27"]
[Round "4"]
[White "Capaliku, Aleks"]
[Black "Philosoph, Assi"]
[Result "1/2-1/2"]
[WhiteElo "2137"]
[BlackElo "2005"]
[PlyCount "103"]
[EventDate "2013.01.25"]
[EventType "swiss"]
[EventRounds "9"]
[EventCountry "SLO"]
[SourceTitle "CBM 152 Extra"]
[Source "ChessBase"]
[SourceDate "2013.02.25"]
[SourceVersion "1"]
[SourceVersionDate "2013.02.25"]
[SourceQuality "1"]

1. Nf3 Nf6 2. d4 g6 3. Bf4 Bg7 4. e3 0-0 5. Bd3 d6 6. 0-0 Nbd7 7. c4 Qe8 8. d5 e5 9. dxe6 fxe6 10. Bg3 Nh5 11. Qc2 Nc5 12. Nc3 Nxg3 13. hxg3 Bd7 14. Rae1 Qe7 15. b4 Nxd3 16. Qxd3 d5 17. cxd5 Qxb4 18. Rc1 Rad8 19. dxe6 Bxe6 20. Qe4 Qxe4 21. Nxe4 c6 22. Nc5 Bc8 23. Ng5 Rfe8 24. Rfd1 Bf6 25. Nge4 Be7 26. f3 b6 27. Nd3 Bb7 28. Nf4 Kf7 29. Nf2 Bc5 30. e4 Be3 31. Rxd8 Rxd8 32. Re1 Bxf4 33. gxf4 c5 34. Rd1 Rxd1+ 35. Nxd1 b5 36. Kf2 a5 37. Ke3 Ke6 38. Kd2 Kd6 39. Ne3 Ba6 40. f5 b4 41. f6 a4 42. f4 Ke6 43. e5 h5 44. Nd5 Bc4 45. Nb6 Bb5 46. g3 Bc6 47. a3 bxa3 48. Kc2 g5 49. fxg5 Kxe5 50. Kc1 Be8 51. f7 Bxf7 52. Nxa4 1/2-1/2